Study of properties of copolymers with micro and nanofillers in asphalt blends dissertation thesis

Salvato in:
Dettagli Bibliografici
Autore principale: Jasso, Martin
Natura: Libro
Lingua:slovacco
Pubblicazione: Bratislava STU FCHPT 2013
Accesso online:Visualizza in OPAC
Tags: Aggiungi Tag
Nessun Tag, puoi essere il primo ad aggiungerne!!

MARC

LEADER 00000nam a2200000 a 4500
005 20260127134407.0
008 150223 2013 000 0 slo d
035 |a vtls010656327 
039 9 |y 201502231025  |z mschk03 
040 |a STUSCHK1  |b slo  |c STUSCHK1  |e AACR2 
100 1 |a Jasso, Martin 
245 1 |a Study of properties of copolymers with micro and nanofillers in asphalt blends  |b dissertation thesis  |c Martin Jasso 
260 |a Bratislava  |b STU FCHPT  |c 2013 
300 |a 148 s.  |b il.  |c 30 cm 
500 |a Study programme: Technology of Polymer Materilas 
500 |a Study field: Technology of Macromolecular Materials 
910 |a SCHK95 
999 |c 11684  |d 11684